2023 Movies Blurred - Statistics

General Stats
  • This quiz has been taken 17 times
  • The average score is 18 of 50
Answer Stats
Picture Answer % Correct
Aquaman And The Lost Kingdom
90%
The Little Mermaid
90%
Elemental
80%
John Wick: Chapter 4
80%
Wonka
80%
The Super Mario Bros. Movie
70%
Trolls Band Together
70%
Five Nights At Freddy's
60%
Indiana Jones And The Dial Of Destiny
60%
Meg 2: The Trench
60%
Mission: Impossible: Dead Reckoning
60%
Shazam! Fury Of The Gods
60%
Transformers: Rise Of The Beasts
60%
Wish
60%
Creed III
50%
The Flash
50%
The Marvels
50%
Ant-Man And The Wasp: Quantumania
40%
Blue Beetle
40%
Fast X
40%
Guardians Of The Galaxy Vol 3
40%
Renfield
40%
The Hunger Games: The Ballad Of Songbirds & Snakes
40%
Anyone But You
30%
Chicken Run: Dawn Of The Nugget
30%
Haunted Mansion
30%
Killers Of The Flower Moon
30%
Knock At The Cabin
30%
No Hard Feelings
30%
Red, White & Royal Blue
30%
Dungeons & Dragons: Honor Among Thieves
20%
Gran Turismo
20%
Leo
20%
Rebel Moon - Part One: A Child Of Fire
20%
Shotgun Wedding
20%
Strays
20%
Book Club: The Next Chapter
10%
Boy Kills World
10%
Genie
10%
Ghosted
10%
Hit Man
10%
Hypnotic
10%
In The Land Of Saints And Sinners
10%
Joy Ride
10%
Magic Mike's Last Dance
10%
Operation Fortune: Ruse de Guerre
10%
Plane
10%
Thanksgiving
10%
The Equalizer 3
10%
The Family Plan
10%
No matching quizzes found
Score Distribution
Percent of People with Each Score
Percentile by Number Answered
Your Score History
You have not taken this quiz